World Champions - Freestyle Football - Statistics

General Stats
  • This quiz has been taken 11 times
    9 since last reset
  • The average score is 11 of 31
Answer Stats
Country Name % Correct
United Kingdom Andrew Henderson
80%
Norway Erlend
80%
Argentina Charly Iacono
60%
Italy Luca Chiarvesio
60%
Brazil Ricardinho
60%
France Séan Garnier
60%
Colombia Boyka
40%
Italy Gunther
40%
Japan Ko-suke
40%
Mexico M3mo
40%
Philippines PWG
40%
Poland Szymo
40%
Norway Tobias Becs
40%
Japan Yosuke
40%
Norway Azun
20%
Ireland Daniel Dennehy
20%
Mexico Esteban Hernández
20%
France Gautier
20%
Sweden Källdoff
20%
South Africa Kamalio
20%
Poland Luki
20%
Russia McPro
20%
Poland Michryc
20%
Italy Mirko
20%
Brazil Murilo
20%
Russia Pavlinoff
20%
Poland Paweł Skóra
20%
Brazil Pedrinho
20%
Hungary Rocco
20%
Colombia Rocky
20%
Japan Tokura
20%
No matching quizzes found
Score Distribution
Percent of People with Each Score
Percentile by Number Answered
Your Score History
You have not taken this quiz since the last reset